00814cam a22002534a 45000010005000000030006000050050017000110080041000280100017000690200015000860200018001010400023001190500015001420820011001571000022001682450090001902600044002803000063003245050007003875200065003945210028004595210018004876500055005056814FISKH20250529110304.0040715s2005 gaua j 000 0 eng  a 2004016585 a1561453285 a9781561454495 aDLCcDLCdDLCbeng aQL762 .S74 a591.561 aStockdale, Susan.10aCarry me! :banimal babies on the move /cwritten and illustrated by Susan Stockdale. aAtlanta :bPeachtree Publishers,c2005. a32 unnumbered pages : bcolor illustrations ;c24 x 27 cm. aE  aLearn how animal parents transport and care for their young.8 a160 bLexile estimate 8 aE bRaz-Plus  0aParental behavior in animalsvJuvenile literature.